Storage networks: the complete reference (Record no. 183802)

000 -LEADER
fixed length control field 00399nam a2200133Ia 4500
008 - FIXED-LENGTH DATA ELEMENTS--GENERAL INFORMATION
fixed length control field 220217s9999||||xx |||||||||||||| ||und||
020 ## - INTERNATIONAL STANDARD BOOK NUMBER
International Standard Book Number 97800705322922
082 ## - DEWEY DECIMAL CLASSIFICATION NUMBER
Classification number 004.6 SPA
100 ## - MAIN ENTRY--PERSONAL NAME
Personal name Spalding, Robert
9 (RLIN) 6609
245 #0 - TITLE STATEMENT
Title Storage networks: the complete reference
260 ## - PUBLICATION, DISTRIBUTION, ETC.
Place of publication, distribution, etc. Tata mcgraw hill company Ltd
Name of publisher, distributor, etc. New Delhi
Date of publication, distribution, etc. 2003
300 ## - PHYSICAL DESCRIPTION
Extent XXXII, 526p.
Other physical details 625
650 ## - SUBJECT ADDED ENTRY--TOPICAL TERM
Topical term or geographic name entry element COMPUTER NETWORK
Holdings
Withdrawn status Lost status Damaged status Not for loan Home library Current library Shelving location Date acquired Full call number Barcode Date last seen Price effective from Koha item type
        Central Library Central Library Book Cart 02/18/2022 004.6 SPA 18991 02/18/2022 02/18/2022 Books

Powered by Koha